Aeroelastic analysis of aircraft wing

Salvato in:
Dettagli Bibliografici
Autore principale: Nagy, Bence (Autore)
Altri autori: Havelka, Ferdinand (Relatore della tesi)
Natura: Manoscritto Libro
Lingua:slovacco
inglese
Pubblicazione: 2019
Soggetti:
Accesso online:http://is.stuba.sk/zp/portal_zp.pl?podrobnosti=145306
Tags: Aggiungi Tag
Nessun Tag, puoi essere il primo ad aggiungerne!!

MARC

LEADER 00000ntm a22000003a 4500
001 stuzp75708
003 SK-STU
005 20190608213825.7
007 ta
008 150427s2015----xo-----f-mn---000-0-slo-d
040 |a STU  |b slo 
041 0 |a eng 
100 1 |a Nagy, Bence  |u 020010  |k Z4  |4 aut  |U SjF Strojnícka fakulta  |T SjF Ústav aplikovanej mechaniky a mechatroniky  |X 76733  |U J0010  |Y 801  |7 76733 
242 0 1 |a Aeroelastická analýza krídla lietadla  |y slo 
245 1 0 |a Aeroelastic analysis of aircraft wing 
260 |c 2019 
650 4 |a aeroelasticita  |2 slo 
650 4 |a aerodynamika  |2 slo 
650 4 |a flutter  |2 slo 
650 4 |a divergencia  |2 slo 
650 4 |a metóda konečných prvkov  |2 slo 
650 4 |a krídlo  |2 slo 
650 4 |a lietadlo  |2 slo 
650 4 |a aeroelasticity  |2 eng 
650 4 |a aerodynamics  |2 eng 
650 4 |a flutter  |2 eng 
650 4 |a divergence  |2 eng 
650 4 |a finite element method  |2 eng 
650 4 |a wing  |2 eng 
650 4 |a aircraft  |2 eng 
700 1 |a Havelka, Ferdinand  |u 020010  |k Z1  |4 ths  |U SjF Strojnícka fakulta  |T SjF Ústav aplikovanej mechaniky a mechatroniky  |X 14040  |U J0010  |Y 801  |7 A000014040 
856 4 |u http://is.stuba.sk/zp/portal_zp.pl?podrobnosti=145306